00617 2200217 4500001002100000005001500021035002000036007000300056008004100059020002200100082000800122084001400130100002300144245009300167250000600260260003700266300002800303650003100331700002000362990001700382INLIS00000000000101920260423100823 a0010-0923000004ta260423 j 1 ind  a978-602-388-007-2 a813 a813 YUD s0 aYudi ( Pengarang )1 aSetia Kawan :bseri buku cerita pembangunan karakter anak /cKak Yudi ; editor ,Kak Odik a- aTangerang :bHappy Holy Kids,c- a28 :bilus. ;c26 cme- 4aFiksi - Bacaan Anak - anak0 aOdik ( Editor ) a00122/K/2020